[Event "EU-ch Rapid"]
[Site "Katowice"]
[Date "2021.12.18"]
[Round "6"]
[White "Nytra, Ondrej"]
[Black "Sharankov, Grigory"]
[Result "0-1"]
[WhiteElo "2125"]
[BlackElo "2238"]
[PlyCount "40"]
[EventDate "2021.12.18"]
[EventType "swiss (rapid)"]
[EventRounds "11"]
[EventCountry "POL"]
[SourceTitle "CBM 205 Extra"]
[Source "ChessBase"]
[SourceDate "2022.01.31"]
[SourceVersion "1"]
[SourceVersionDate "2022.01.31"]
[SourceQuality "1"]

1. e4 e6 2. d4 d5 3. e5 c5 4. c3 Nc6 5. Nf3 Bd7 6. Be2 Qc7 7. 0-0 f6 8. exf6 Nxf6 9. Re1 Bd6 10. Bd3 0-0 11. Bg5 Ng4 12. h3 Bh2+ 13. Kf1 Nxf2 14. Kxf2 Qg3+ 15. Ke3 Rxf3+ 16. gxf3 Qxg5+ 17. Ke2 Qg2+ 18. Ke3 Rf8 19. Be2 Bf4+ 20. Kd3 Qg6# 0-1

[Event "EU-ch Rapid"]
[Site "Katowice"]
[Date "2021.12.18"]
[Round "5"]
[White "Sharankov, Grigory"]
[Black "Vidruska, Renate"]
[Result "1-0"]
[WhiteElo "2238"]
[BlackElo "2029"]
[PlyCount "91"]
[EventDate "2021.12.18"]
[EventType "swiss (rapid)"]
[EventRounds "11"]
[EventCountry "POL"]
[SourceTitle "CBM 205 Extra"]
[Source "ChessBase"]
[SourceDate "2022.01.31"]
[SourceVersion "1"]
[SourceVersionDate "2022.01.31"]
[SourceQuality "1"]

1. Nf3 Nf6 2. c4 e6 3. e3 d5 4. Qc2 Be7 5. b3 0-0 6. Bb2 c5 7. d3 Nc6 8. a3 Bd7 9. Nbd2 dxc4 10. dxc4 Qc7 11. Bd3 h6 12. Rg1 Ng4 13. h3 Nge5 14. Bh7+ Kh8 15. Be4 f5 16. Nxe5 Nxe5 17. Bxb7 Rab8 18. Bf3 Bf6 19. Be2 Bc6 20. Rd1 a5 21. f4 Nd7 22. Bxf6 Nxf6 23. g4 a4 24. bxa4 Qa5 25. Rc1 Bxa4 26. Qc3 Qxc3 27. Rxc3 Rb2 28. Rd3 e5 29. fxe5 Ne4 30. gxf5 Nxd2 31. Rxd2 Rb1+ 32. Bd1 Rxf5 33. Ke2 Rxe5 34. Rd8+ Kh7 35. Rd5 Bxd1+ 36. Rgxd1 Rb2+ 37. R1d2 Rxd5 38. cxd5 Rb7 39. Kd3 Ra7 40. d6 Kg8 41. Kc4 Rd7 42. Kxc5 Kf7 43. Kd5 Ke8 44. Ke6 Ra7 45. Rb2 Kd8 46. Rb8# 1-0

[Event "EU-ch Blitz"]
[Site "Katowice"]
[Date "2021.12.17"]
[Round "17"]
[White "Sharankov, Grigory"]
[Black "Batashevs, Arsens"]
[Result "1-0"]
[WhiteElo "2238"]
[BlackElo "2165"]
[PlyCount "57"]
[EventDate "2021.12.17"]
[EventType "swiss (blitz)"]
[EventRounds "22"]
[EventCountry "POL"]
[SourceTitle "CBM 205 Extra"]
[Source "ChessBase"]
[SourceDate "2022.01.31"]
[SourceVersion "1"]
[SourceVersionDate "2022.01.31"]
[SourceQuality "1"]

1. c4 g6 2. Nc3 Bg7 3. Nf3 Nc6 4. e3 e5 5. d4 d6 6. h3 Nge7 7. Be2 0-0 8. b3 f5 9. Bb2 e4 10. Nd2 Nb8 11. Qc2 c6 12. d5 Nd7 13. dxc6 bxc6 14. 0-0-0 a5 15. f3 d5 16. g4 Nb6 17. fxe4 fxe4 18. Ndxe4 Qc7 19. Nc5 Qe5 20. e4 dxc4 21. N3a4 Qg5+ 22. Kb1 Bxb2 23. Qxb2 Qf6 24. Qxf6 Rxf6 25. Nxb6 Rb8 26. Bxc4+ Kg7 27. Nxc8 Rxc8 28. Rd7 Kf8 29. Rf1 1-0

[Event "EU-ch rapid"]
[Site "Tallinn"]
[Date "2019.12.06"]
[Round "11"]
[White "Sharankov, Grigory"]
[Black "Demidov, Mikhail"]
[Result "0-1"]
[WhiteElo "2328"]
[BlackElo "2635"]
[PlyCount "90"]
[EventDate "2019.12.05"]
[EventType "swiss"]
[EventRounds "13"]
[EventCountry "EST"]
[SourceTitle "CBM 193 Extra"]
[Source "ChessBase"]
[SourceDate "2020.01.31"]
[SourceVersion "1"]
[SourceVersionDate "2020.01.31"]
[SourceQuality "1"]

1. d4 g6 2. Nf3 Bg7 3. e4 a6 4. a4 d6 5. h3 Nf6 6. Nc3 0-0 7. Be3 Nc6 8. Qd2 e5 9. d5 Ne7 10. g4 c6 11. g5 Ne8 12. dxc6 bxc6 13. a5 Be6 14. Na4 d5 15. Bb6 Qc8 16. Nc5 Nd6 17. Qb4 dxe4 18. Nxe6 Qxe6 19. Nd2 Nd5 20. Qc5 Rfc8 21. h4 e3 22. fxe3 e4 23. c3 Nf5 24. Bh3 Rab8 25. Qc4 Qe5 26. Bxf5 gxf5 27. Rh3 Qe6 28. Qxa6 f4 29. Rh1 fxe3 30. Nf1 Ra8 31. Qc4 Nxb6 32. Qxe6 fxe6 33. Nxe3 Nd5 34. Nc4 Rcb8 35. 0-0-0 Rb5 36. Rhe1 e3 37. Nxe3 Rbxa5 38. Nc4 Ra4 39. Nd6 Rxh4 40. Rxe6 Rh2 41. Rd2 Rxd2 42. Kxd2 Rd8 43. Kc2 Nf4 44. Re8+ Rxe8 45. Nxe8 Be5 0-1

[Event "Suwalki Warakomska Memorial op 3rd"]
[Site "Suwalki"]
[Date "2019.08.12"]
[Round "9"]
[White "Dhulipalla, Bala Chandra Prasad"]
[Black "Sharankov, Grigory"]
[Result "1-0"]
[WhiteElo "2420"]
[BlackElo "2225"]
[PlyCount "110"]
[EventDate "2019.08.05"]
[EventType "swiss"]
[EventRounds "9"]
[EventCountry "POL"]
[SourceTitle "CBM 191 Extra"]
[Source "ChessBase"]
[SourceDate "2019.09.30"]
[SourceVersion "1"]
[SourceVersionDate "2019.09.30"]
[SourceQuality "1"]

1. d4 d5 2. c4 e6 3. Nf3 Nf6 4. g3 Bb4+ 5. Bd2 Be7 6. Bg2 c6 7. 0-0 b6 8. Bf4 Nbd7 9. cxd5 exd5 10. Ne5 Bb7 11. Qc2 Nxe5 12. dxe5 Nd7 13. Rd1 Nc5 14. Be3 0-0 15. Nc3 a5 16. Rac1 Qb8 17. Bd4 Ne6 18. Bxb6 Qxe5 19. e4 d4 20. Na4 c5 21. f4 Qh5 22. e5 Rab8 23. Bxb7 Rxb7 24. b3 Rd7 25. Qe4 Qg4 26. Rd3 Ng5 27. Qg2 Nh3+ 28. Kh1 f6 29. exf6 Bxf6 30. Qf3 Re8 31. Qxg4 Nf2+ 32. Kg1 Nxg4 33. h3 Nh6 34. Nxc5 Rde7 35. Bxa5 g5 36. fxg5 Bxg5 37. Bd2 Bxd2 38. Rxd2 Nf5 39. Rf1 Nxg3 40. Rf3 Ne2+ 41. Kg2 Re3 42. Nd7 Kg7 43. Nf6 R8e6 44. Nd5 R3e5 45. Nf4 Nxf4+ 46. Rxf4 Rg5+ 47. Rg4 Rxg4+ 48. hxg4 Re3 49. Rxd4 Re2+ 50. Kf3 Rxa2 51. Ke4 Kf6 52. Kd5 Ra8 53. Re4 Ra5+ 54. Kc6 Ra3 55. b4 Ra4 1-0

[Event "Suwalki Warakomska Memorial op 3rd"]
[Site "Suwalki"]
[Date "2019.08.07"]
[Round "4"]
[White "Bommini, Mounika Akshaya"]
[Black "Sharankov, Grigory"]
[Result "0-1"]
[WhiteElo "2050"]
[BlackElo "2225"]
[PlyCount "48"]
[EventDate "2019.08.05"]
[EventType "swiss"]
[EventRounds "9"]
[EventCountry "POL"]
[SourceTitle "CBM 191 Extra"]
[Source "ChessBase"]
[SourceDate "2019.09.30"]
[SourceVersion "1"]
[SourceVersionDate "2019.09.30"]
[SourceQuality "1"]

1. d4 d5 2. Bf4 c5 3. e3 Nc6 4. c3 Qb6 5. Qb3 c4 6. Qc2 e5 7. dxe5 Bf5 8. Qc1 g5 9. Bg3 h5 10. h3 Bg7 11. Nf3 g4 12. Nd4 Nge7 13. hxg4 hxg4 14. Rxh8+ Bxh8 15. Be2 Bxe5 16. Bxe5 Nxe5 17. Nxf5 Nxf5 18. Nd2 g3 19. Nf1 gxf2+ 20. Kxf2 0-0-0 21. Qd2 Qh6 22. Rd1 Qh4+ 23. Kg1 Qe4 24. Kf2 Nh4 0-1

[Event "Suwalki Warakomska Memorial op 3rd"]
[Site "Suwalki"]
[Date "2019.08.06"]
[Round "2"]
[White "Checiak, Krzysztof"]
[Black "Sharankov, Grigory"]
[Result "0-1"]
[WhiteElo "2049"]
[BlackElo "2225"]
[PlyCount "180"]
[EventDate "2019.08.05"]
[EventType "swiss"]
[EventRounds "9"]
[EventCountry "POL"]
[SourceTitle "CBM 191 Extra"]
[Source "ChessBase"]
[SourceDate "2019.09.30"]
[SourceVersion "1"]
[SourceVersionDate "2019.09.30"]
[SourceQuality "1"]

1. e4 e6 2. d4 d5 3. exd5 exd5 4. Bd3 c5 5. Nf3 Nc6 6. dxc5 Bxc5 7. 0-0 Nf6 8. Re1+ Be6 9. Ng5 0-0 10. Be3 Bd6 11. h3 d4 12. Nxe6 fxe6 13. Bg5 Ne5 14. Nd2 Rc8 15. Ne4 Be7 16. Bxf6 gxf6 17. Qh5 Nxd3 18. cxd3 f5 19. Nd2 Rc6 20. Nc4 Bf6 21. a4 Qd5 22. b4 Rc7 23. Qe2 Re8 24. Rac1 Rg7 25. f3 Bg5 26. Rc2 Bf4 27. Kh1 Qd8 28. Nd2 Bb8 29. Nf1 Bd6 30. Rc4 Qh4 31. Rec1 Rge7 32. b5 Kf7 33. a5 Qf6 34. Rc8 Qe5 35. Qxe5 Bxe5 36. R8c4 Rd8 37. Kg1 Rd5 38. Rb1 Bc7 39. b6 axb6 40. axb6 Bd8 41. Ng3 Rd6 42. Rcb4 Red7 43. Ne2 e5 44. g3 Rc6 45. f4 Rc2 46. Kf1 Bf6 47. fxe5 Bxe5 48. R1b2 Rc6 49. Rb5 Kf6 50. Ra5 Rg7 51. Rbb5 Bxg3 52. Rxf5+ Ke7 53. Rab5 Bh2 54. Rf2 Bg1 55. Rg2 Rxg2 56. Kxg2 Be3 57. Kf3 Kd6 58. Ke4 Rc5 59. Rb4 Re5+ 60. Kf3 Rf5+ 61. Kg4 Rf2 62. Rb2 Kc5 63. Kg3 Rf6 64. Rc2+ Kxb6 65. Rc4 Rd6 66. Kf3 Ka6 67. Ra4+ Kb5 68. Rc4 Ka6 69. Ra4+ Kb5 70. Rc4 Rd7 71. Nc3+ Kb6 72. Na4+ Ka5 73. Nc5 Rf7+ 74. Kg4 b5 75. Nb3+ Kb6 76. Rb4 Rf2 77. h4 Rb2 78. h5 Bf2 79. Kf5 Be1 80. Rxd4 Rxb3 81. Rd6+ Kc5 82. Rh6 Rxd3 83. Rxh7 Bc3 84. h6 Rh3 85. Kg4 Rh1 86. Rc7+ Kd4 87. h7 b4 88. Rf7 b3 89. Rf4+ Kd3 90. Rf3+ Kc4 0-1

[Event "Baltija Cup 16th"]
[Site "Palanga"]
[Date "2019.06.20"]
[Round "5"]
[White "Scheglov, Dmitry"]
[Black "Sharankov, Grigory"]
[Result "1/2-1/2"]
[WhiteElo "1963"]
[BlackElo "2216"]
[PlyCount "91"]
[EventDate "2019.06.17"]
[EventType "swiss"]
[EventRounds "7"]
[EventCountry "LTU"]
[SourceTitle "CBM 191 Extra"]
[Source "ChessBase"]
[SourceDate "2019.09.30"]
[SourceVersion "1"]
[SourceVersionDate "2019.09.30"]
[SourceQuality "1"]

1. e4 e6 2. d4 d5 3. Nd2 Nf6 4. Bd3 c5 5. c3 cxd4 6. cxd4 dxe4 7. Nxe4 Bd7 8. Bg5 Qa5+ 9. Bd2 Qd5 10. Nxf6+ gxf6 11. Qf3 Bc6 12. Qxd5 Bxd5 13. f3 Nc6 14. Ne2 0-0-0 15. Kf2 Bd6 16. a3 Bc7 17. Rac1 Kb8 18. b4 Bb6 19. Be3 e5 20. dxe5 Bxf3 21. Bxb6 axb6 22. gxf3 Rxd3 23. exf6 Re8 24. b5 Ne5 25. Rc3 Rd2 26. Rb1 Nd3+ 27. Kf1 Rexe2 28. Rxd3 Rf2+ 29. Kg1 Rg2+ 30. Kf1 Rdf2+ 31. Ke1 Rc2 32. Kf1 Rxh2 33. Kg1 Rcg2+ 34. Kf1 Rc2 35. Kg1 Rhg2+ 36. Kf1 Ka7 37. Rb4 Rh2 38. Kg1 Rhg2+ 39. Kf1 Rh2 40. Kg1 Rcg2+ 41. Kf1 Rf2+ 42. Kg1 Rhg2+ 43. Kh1 Rh2+ 44. Kg1 Rhg2+ 45. Kh1 Rh2+ 46. Kg1 1/2-1/2

[Event "Baltija Cup 16th"]
[Site "Palanga"]
[Date "2019.06.19"]
[Round "4"]
[White "Sharankov, Grigory"]
[Black "Zilakauskis, Steponas"]
[Result "1-0"]
[WhiteElo "2216"]
[BlackElo "1834"]
[PlyCount "53"]
[EventDate "2019.06.17"]
[EventType "swiss"]
[EventRounds "7"]
[EventCountry "LTU"]
[SourceTitle "CBM 191 Extra"]
[Source "ChessBase"]
[SourceDate "2019.09.30"]
[SourceVersion "1"]
[SourceVersionDate "2019.09.30"]
[SourceQuality "1"]

1. Nf3 Nf6 2. d4 c5 3. d5 e6 4. c4 exd5 5. cxd5 d6 6. Nc3 g6 7. e4 Bg7 8. h3 0-0 9. Bd3 b5 10. Nxb5 Nxe4 11. Bxe4 Re8 12. Ng5 h6 13. Ne6 fxe6 14. 0-0 a6 15. dxe6 axb5 16. Bxa8 Bxe6 17. Re1 Kh7 18. Re2 Bc4 19. Rxe8 Qxe8 20. Bf3 Nd7 21. a4 bxa4 22. Rxa4 Ne5 23. Ra7 Nxf3+ 24. Qxf3 Qe1+ 25. Kh2 Qxc1 26. Qf6 Bf7 27. Rxf7 1-0

[Event "Baltija Cup 16th"]
[Site "Palanga"]
[Date "2019.06.18"]
[Round "3"]
[White "Demidov, Mikhail"]
[Black "Sharankov, Grigory"]
[Result "1-0"]
[WhiteElo "2536"]
[BlackElo "2216"]
[PlyCount "73"]
[EventDate "2019.06.17"]
[EventType "swiss"]
[EventRounds "7"]
[EventCountry "LTU"]
[SourceTitle "CBM 191 Extra"]
[Source "ChessBase"]
[SourceDate "2019.09.30"]
[SourceVersion "1"]
[SourceVersionDate "2019.09.30"]
[SourceQuality "1"]

1. g3 f5 2. Bg2 Nf6 3. d3 Nc6 4. c4 e5 5. Nc3 g6 6. Bg5 Bg7 7. e3 d5 8. Nge2 Be6 9. b4 h6 10. Bxf6 Qxf6 11. Nxd5 Qf7 12. b5 Nd8 13. a4 0-0 14. 0-0 c6 15. bxc6 bxc6 16. Ndc3 Rc8 17. Qd2 g5 18. f4 Nb7 19. Rab1 Rc7 20. e4 exf4 21. gxf4 g4 22. Ng3 Nc5 23. exf5 Bxf5 24. Nce4 Rd7 25. Kh1 Kh8 26. a5 Ne6 27. Nxf5 Qxf5 28. Ng3 Qc5 29. f5 Ng5 30. Qe2 Be5 31. Qxg4 Bxg3 32. Qxg3 Rg7 33. Qh4 Rf6 34. a6 Kh7 35. Qf2 Qa5 36. Qd4 Rgf7 37. h4 1-0

[Event "Keres Memorial rap qual 20th"]
[Site "Tallinn"]
[Date "2011.01.07"]
[Round "2"]
[White "Miezis, Normunds"]
[Black "Sharankov, Grigory"]
[Result "1-0"]
[WhiteElo "2546"]
[BlackElo "2173"]
[PlyCount "95"]
[EventDate "2011.01.07"]
[EventType "swiss"]
[EventRounds "7"]
[EventCountry "EST"]
[SourceTitle "CBM 140 Extra"]
[Source "ChessBase"]
[SourceDate "2011.03.01"]
[SourceVersion "1"]
[SourceVersionDate "2011.03.01"]
[SourceQuality "1"]

1. c4 Nf6 2. Nc3 e6 3. e4 d5 4. exd5 exd5 5. d4 Be7 6. Nf3 0-0 7. Be2 Bg4 8. h3 Bh5 9. cxd5 Nxd5 10. 0-0 Nc6 11. Ne4 Bg6 12. Nc5 b6 13. Nd3 Ndb4 14. Nxb4 Nxb4 15. a3 Nc2 16. Ra2 Qd5 17. b3 Qxb3 18. Rb2 Qc3 19. Rb5 Nxa3 20. Rb3 Qa5 21. Bd3 a6 22. Ne5 Qa4 23. Rxa3 Qxd1 24. Rxd1 Bxa3 25. Bxa3 Rfe8 26. Bc4 b5 27. Bd5 Rad8 28. Bf3 Be4 29. Bxe4 Rxe5 30. Bf3 Re6 31. d5 Rb6 32. Bb4 Rd7 33. Rc1 g6 34. g4 Rf6 35. Kg2 Rf4 36. Ba5 Rc4 37. Rxc4 bxc4 38. Bb4 f5 39. Be2 fxg4 40. hxg4 Rxd5 41. Bxc4 c6 42. Kf3 Kf7 43. Ke4 Ke6 44. g5 h6 45. gxh6 Kf7 46. Bxd5+ cxd5+ 47. Kxd5 g5 48. Bd2 1-0

[Event "Keres Memorial"]
[Site "Tallinn"]
[Date "2009.01.11"]
[Round "6"]
[White "Sharankov, Grigory"]
[Black "Sepp, Olav"]
[Result "1/2-1/2"]
[WhiteElo "2192"]
[BlackElo "2457"]
[PlyCount "73"]
[EventDate "2009.01.10"]
[EventType "tourn (rapid)"]
[EventRounds "7"]
[EventCountry "EST"]
[EventCategory "10"]
[SourceTitle "CBM 128 Extra"]
[Source "ChessBase"]
[SourceDate "2009.03.05"]
[SourceVersion "2"]
[SourceVersionDate "2009.03.25"]
[SourceQuality "1"]

1. d4 Nf6 2. Nf3 g6 3. c4 Bg7 4. Nc3 0-0 5. e4 d6 6. Be2 e5 7. 0-0 Na6 8. Re1 Qe8 9. dxe5 dxe5 10. h3 c6 11. Be3 Qe7 12. Qc2 Nh5 13. Rad1 Nc5 14. b4 Ne6 15. c5 Nhf4 16. Bf1 Qf6 17. Bxf4 Nxf4 18. Nd2 Qg5 19. Kh2 Be6 20. Re3 Rad8 21. g3 Nh5 22. Nf3 Qf6 23. Be2 Rxd1 24. Qxd1 Qe7 25. Nd2 Rd8 26. Bxh5 gxh5 27. Qe2 Bxh3 28. Kxh3 Qd7+ 29. Kg2 Qxd2 30. Qxh5 Rd3 31. Rxd3 Qxd3 32. Qf3 Qd4 33. a3 a5 34. Qd1 axb4 35. axb4 Qxc3 36. Qd8+ Bf8 37. Qg5+ 1/2-1/2

[Event "Keres Memorial"]
[Site "Tallinn"]
[Date "2009.01.10"]
[Round "1"]
[White "Sharankov, Grigory"]
[Black "Volodin, Aleksandr"]
[Result "0-1"]
[WhiteElo "2192"]
[BlackElo "2401"]
[PlyCount "90"]
[EventDate "2009.01.10"]
[EventType "tourn (rapid)"]
[EventRounds "7"]
[EventCountry "EST"]
[EventCategory "10"]
[SourceTitle "CBM 128 Extra"]
[Source "ChessBase"]
[SourceDate "2009.03.05"]
[SourceVersion "2"]
[SourceVersionDate "2009.03.25"]
[SourceQuality "1"]

1. d4 Nf6 2. Nf3 c5 3. c3 e6 4. Bf4 Nc6 5. e3 Be7 6. h3 0-0 7. Bd3 d6 8. 0-0 Re8 9. Bh2 Bf8 10. e4 e5 11. dxe5 dxe5 12. Qe2 Qc7 13. Nbd2 g6 14. a4 Nh5 15. Bc4 Bh6 16. Nb3 b6 17. a5 Bb7 18. Bd5 Rad8 19. axb6 axb6 20. Nc1 Bf4 21. g3 Bxc1 22. Rfxc1 Nf6 23. Rd1 Nxd5 24. exd5 Na5 25. c4 e4 26. Nd2 Qe5 27. Nf1 Nb3 28. Ra7 Qb8 29. Ra3 Nd4 30. Qe3 Nc2 31. Qh6 Nxa3 32. bxa3 Qe5 33. g4 Qf6 34. Ne3 Ra8 35. Bf4 Qg7 36. Qh4 Rxa3 37. d6 f6 38. g5 f5 39. Rd5 Rxe3 40. Bxe3 Bxd5 41. cxd5 Qe5 42. Bf4 Qxd5 43. Qg3 Qd1+ 44. Kh2 Qf3 45. Qh4 Ra8 0-1

[Event "Keres Memorial qual"]
[Site "Tallinn"]
[Date "2009.01.09"]
[Round "4"]
[White "Seeman, Tarvo"]
[Black "Sharankov, Grigory"]
[Result "0-1"]
[WhiteElo "2401"]
[BlackElo "2192"]
[PlyCount "73"]
[EventDate "2009.01.09"]
[EventType "swiss (rapid)"]
[EventRounds "7"]
[EventCountry "EST"]
[SourceTitle "CBM 128 Extra"]
[Source "ChessBase"]
[SourceDate "2009.03.05"]
[SourceVersion "2"]
[SourceVersionDate "2009.03.25"]
[SourceQuality "1"]

1. g3 e5 2. c4 Nf6 3. Bg2 Nc6 4. Nc3 Bb4 5. Nd5 0-0 6. Nxb4 Nxb4 7. d3 c6 8. a3 Na6 9. Nf3 Re8 10. 0-0 Nc7 11. b4 d6 12. Bb2 h6 13. Qc2 Bf5 14. e4 Bg4 15. Nh4 Qd7 16. f4 Bh3 17. Bxh3 Qxh3 18. Nf5 Ng4 19. Nxd6 Re6 20. fxe5 Rf8 21. d4 Ne3 22. Qf2 Nxf1 23. Rxf1 Re7 24. d5 Qg4 25. Nf5 Ree8 26. Qd4 Kh7 27. Rf4 Qe2 28. Rf2 Qg4 29. Kg2 Rd8 30. Nd6 f6 31. Nf5 Ne6 32. Qe3 Ng5 33. exf6 gxf6 34. Rf4 Qh3+ 35. Kg1 Qh5 36. g4 Qh3 37. d6 0-1

[Event "Pskov 5th op"]
[Site "Pskov"]
[Date "2008.06.29"]
[Round "9.14"]
[White "Sharankov, Grigory"]
[Black "Bulatov, Mihail"]
[Result "1-0"]
[WhiteElo "2229"]
[BlackElo "1927"]
[PlyCount "49"]
[EventDate "2008.06.22"]
[EventType "swiss"]
[EventRounds "9"]
[EventCountry "RUS"]
[SourceTitle "EXT 2022"]
[Source "ChessBase"]
[SourceDate "2021.10.06"]
[SourceVersion "1"]
[SourceVersionDate "2021.10.06"]
[SourceQuality "1"]

1. d4 Nf6 2. c4 g6 3. Nc3 d5 4. Nf3 Bg7 5. Bg5 Ne4 6. Bh4 Nxc3 7. bxc3 c5 8. e3 0-0 9. cxd5 cxd4 10. cxd4 Qxd5 11. Bxe7 Re8 12. Bh4 Bg4 13. Be2 Bxf3 14. Bxf3 Qxd4 15. Qxd4 Bxd4 16. 0-0-0 Be5 17. Bxb7 Nc6 18. Bxa8 Rxa8 19. Bg3 Bg7 20. Rd7 Rc8 21. Rc7 Rxc7 22. Bxc7 Nb4 23. Kd2 Nd5 24. Bb8 a6 25. Rc1 1-0

[Event "Pskov 5th op"]
[Site "Pskov"]
[Date "2008.06.24"]
[Round "2.3"]
[White "Shchukin, Dmitry"]
[Black "Sharankov, Grigory"]
[Result "1-0"]
[WhiteElo "2338"]
[BlackElo "2229"]
[PlyCount "85"]
[EventDate "2008.06.22"]
[EventType "swiss"]
[EventRounds "9"]
[EventCountry "RUS"]
[SourceTitle "EXT 2022"]
[Source "ChessBase"]
[SourceDate "2021.10.06"]
[SourceVersion "1"]
[SourceVersionDate "2021.10.06"]
[SourceQuality "1"]

1. e4 e6 2. d3 d5 3. Nd2 Nf6 4. Ngf3 c5 5. g3 Nc6 6. Bg2 b6 7. 0-0 Bb7 8. Re1 Be7 9. e5 Nd7 10. h4 Qc7 11. Qe2 0-0-0 12. c3 h6 13. Nf1 Rdg8 14. N1h2 g5 15. hxg5 hxg5 16. Ng4 Rh5 17. a3 Rgh8 18. b4 d4 19. b5 Na5 20. c4 Qb8 21. Nfh2 Bf8 22. Bxb7+ Qxb7 23. Qf3 R8h7 24. Qxb7+ Kxb7 25. Nf3 Rh1+ 26. Kg2 Rxe1 27. Nxe1 Nb3 28. Rb1 Nxc1 29. Rxc1 Be7 30. Nf3 Kc7 31. a4 Rh8 32. Ra1 a6 33. bxa6 Ra8 34. Rh1 Rxa6 35. Rh7 Rxa4 36. Rxf7 Bd8 37. Nf6 Bxf6 38. exf6 Kd6 39. Nxg5 Ra3 40. Ne4+ Kc6 41. Re7 Nxf6 42. Rxe6+ Kc7 43. Nxf6 1-0

[Event "Petrovskaya Ladya op 08"]
[Site "Peterhof"]
[Date "2007.08.14"]
[Round "8"]
[White "Sharankov, Grigory"]
[Black "Uliashov, Dmitriy"]
[Result "1-0"]
[WhiteElo "2204"]
[BlackElo "2232"]
[PlyCount "65"]
[EventDate "2007.08.06"]
[EventType "swiss"]
[EventRounds "9"]
[EventCountry "RUS"]
[SourceTitle "EXT 2008"]
[Source "ChessBase"]
[SourceDate "2007.11.25"]
[SourceVersion "1"]
[SourceVersionDate "2007.11.25"]
[SourceQuality "1"]

1. d4 c5 2. d5 Nf6 3. c4 e6 4. Nc3 exd5 5. cxd5 d6 6. e4 g6 7. f4 Bg7 8. Bb5+ Nfd7 9. Bd3 a6 10. a4 Qh4+ 11. g3 Qe7 12. Nf3 f5 13. 0-0 Bxc3 14. bxc3 fxe4 15. Bxe4 0-0 16. Ng5 Nf6 17. Bf3 Re8 18. Ra2 Bf5 19. Re2 Qd7 20. Rxe8+ Qxe8 21. g4 Bd7 22. Re1 Qd8 23. c4 b5 24. Ne6 Qa5 25. Bb2 Ne8 26. Qe2 bxc4 27. Ng5 Qc7 28. Qxc4 Qa5 29. Qe2 Qd8 30. Qd2 Ng7 31. Bxg7 Kxg7 32. Qb2+ Kg8 33. Qb7 1-0

[Event "Petrovskaya Ladya op 08"]
[Site "Peterhof"]
[Date "2007.08.11"]
[Round "6"]
[White "Sharankov, Grigory"]
[Black "Kotov, Viktor"]
[Result "1/2-1/2"]
[WhiteElo "2204"]
[BlackElo "2352"]
[PlyCount "37"]
[EventDate "2007.08.06"]
[EventType "swiss"]
[EventRounds "9"]
[EventCountry "RUS"]
[SourceTitle "EXT 2008"]
[Source "ChessBase"]
[SourceDate "2007.11.25"]
[SourceVersion "1"]
[SourceVersionDate "2007.11.25"]
[SourceQuality "1"]

1. d4 d5 2. c4 c6 3. Nf3 Nf6 4. Nc3 dxc4 5. a4 Bf5 6. e3 e6 7. Bxc4 Bb4 8. 0-0 0-0 9. Nh4 Nbd7 10. Nxf5 exf5 11. f3 Rc8 12. Qb3 Qe7 13. a5 b5 14. axb6 Nxb6 15. Ba6 Rcd8 16. Kh1 Nbd5 17. Nxd5 cxd5 18. Bd3 g6 19. Ra6 1/2-1/2

[Event "RUS Spartakiad U18"]
[Site "Kazan"]
[Date "2003.??.??"]
[Round "?"]
[White "Sharankov, Grigory"]
[Black "Ovodenko, Igor"]
[Result "1-0"]
[WhiteElo "2159"]
[BlackElo "2223"]
[PlyCount "95"]
[EventDate "2003.??.??"]
[EventType "team"]
[EventRounds "8"]
[EventCountry "RUS"]
[SourceTitle "EXT 2005"]
[Source "ChessBase"]
[SourceDate "2004.11.15"]
[SourceVersion "1"]
[SourceVersionDate "2004.11.15"]
[SourceQuality "1"]

1. e4 c5 2. Nf3 d6 3. d3 g6 4. g3 Bg7 5. Bg2 Nf6 6. Nbd2 Nc6 7. 0-0 0-0 8. a4 Qc7 9. Nc4 Be6 10. Ne3 Rad8 11. Ng5 Bc8 12. f4 h6 13. Nf3 d5 14. e5 Ng4 15. c3 Nxe3 16. Bxe3 Bg4 17. Qc2 d4 18. cxd4 Bxf3 19. Bxf3 Nxd4 20. Bxd4 Rxd4 21. Rac1 b6 22. Be4 Rfd8 23. b3 e6 24. Qe2 Qd7 25. Kh1 Rb4 26. Rb1 b5 27. axb5 Qxb5 28. Qa2 Qb6 29. Ra1 Rd7 30. Rfb1 f5 31. exf6 Bxf6 32. Bxg6 Bxa1 33. Qxa1 Rdd4 34. Qa2 Kg7 35. Be4 c4 36. Qa3 cxd3 37. Bf3 d2 38. Qb2 Qc5 39. Rd1 Qc4 40. Qa1 Qxb3 41. Qxa7+ Kg8 42. Kg2 Rd8 43. Qe7 Rbd4 44. Qf6 R4d7 45. Bg4 Qd5+ 46. Kh3 Re8 47. Qg6+ Kf8 48. Qf6+ 1-0

[Event "Serpukhov op"]
[Site "Serpukhov"]
[Date "2002.??.??"]
[Round "3"]
[White "Dukhin, Jokhan"]
[Black "Sharankov, Grigory"]
[Result "1-0"]
[WhiteElo "2135"]
[BlackElo "2159"]
[PlyCount "63"]
[EventDate "2002.??.??"]
[EventType "swiss"]
[EventRounds "15"]
[EventCountry "RUS"]
[SourceTitle "EXT 2007"]
[Source "ChessBase"]
[SourceDate "2006.11.23"]
[SourceVersion "1"]
[SourceVersionDate "2006.11.23"]
[SourceQuality "1"]

1. e4 c5 2. Nf3 Nc6 3. d4 cxd4 4. Nxd4 Nf6 5. Nc3 e5 6. Ndb5 d6 7. Bg5 a6 8. Na3 b5 9. Bxf6 gxf6 10. Nd5 Bg7 11. c3 f5 12. exf5 Bxf5 13. Nc2 Be6 14. Nce3 Ne7 15. a4 Nxd5 16. Nxd5 0-0 17. Be2 e4 18. axb5 Qg5 19. Nc7 Qxg2 20. Rf1 Rac8 21. b6 Qh3 22. Qd2 Rb8 23. Rg1 Bf5 24. Rxg7+ Kxg7 25. Ra5 e3 26. Qd4+ f6 27. fxe3 Bg6 28. Kd2 Rf7 29. b4 Re7 30. Nd5 Re5 31. Nxf6 Qe6 32. Nd7 1-0

[Event "Serpukhov op"]
[Site "Serpukhov"]
[Date "2002.??.??"]
[Round "2"]
[White "Sharankov, Grigory"]
[Black "Gabrielian, Artur"]
[Result "1/2-1/2"]
[WhiteElo "2159"]
[BlackElo "2474"]
[PlyCount "90"]
[EventDate "2002.??.??"]
[EventType "swiss"]
[EventRounds "15"]
[EventCountry "RUS"]
[SourceTitle "EXT 2007"]
[Source "ChessBase"]
[SourceDate "2006.11.23"]
[SourceVersion "1"]
[SourceVersionDate "2006.11.23"]
[SourceQuality "1"]

1. d4 Nf6 2. Nf3 c5 3. c3 e6 4. Bg5 cxd4 5. Qxd4 Nc6 6. Qa4 d5 7. e3 Bd7 8. Nbd2 Be7 9. Be2 0-0 10. 0-0 e5 11. Qb3 e4 12. Nd4 Nxd4 13. cxd4 Qa5 14. Bxf6 Bxf6 15. Qc3 Qb6 16. Qb3 Bc6 17. a3 Be7 18. Rfc1 f5 19. g3 g5 20. Rc3 Qa5 21. Qc2 f4 22. b4 Qb6 23. Qb3 fxe3 24. fxe3 Bf6 25. Rc5 Be7 26. Rc3 a6 27. Nxe4 Kh8 28. Nc5 Bd6 29. Ne6 Rf6 30. Nc5 Raf8 31. Rf1 Qd8 32. Rcc1 Qe7 33. Rxf6 Rxf6 34. Rf1 Rxf1+ 35. Bxf1 h5 36. Qd3 Qf6 37. Qe2 Qg6 38. Qf2 Kg7 39. Bd3 Qe8 40. Kg2 b6 41. Qf5 bxc5 42. Qg6+ Kf8 43. Qf6+ Kg8 44. Qxg5+ Kf8 45. Qf6+ Kg8 1/2-1/2